[Event "VII Festival B"]
[Site "Amantea ITA"]
[Date "2009.09.05"]
[Round "6"]
[White "Lodi, Paolo"]
[Black "Nicoletta, Oscare"]
[Result "1-0"]
[WhiteElo "1706"]
[BlackElo "1341"]
[PlyCount "65"]
[EventDate "2009.08.31"]

1. c4 e5 2. Nc3 f6 3. e4 Nc6 4. g3 Nd4 5. Bg2 Qe7 6. Nge2 c6 7. Nxd4 exd4 8.
Ne2 d3 9. Nf4 Qd6 10. Qh5+ g6 11. Nxg6 hxg6 12. Qxh8 Qe6 13. O-O Nh6 14. Qh7 f5
15. exf5 gxf5 16. b3 d6 17. Bb2 Bd7 18. Rae1 Qe2 19. Rxe2+ dxe2 20. Re1 O-O-O
21. Rxe2 Ng4 22. h3 Ne5 23. Bxe5 dxe5 24. Rxe5 Bd6 25. Re2 c5 26. f4 a6 27. Qg7
Kc7 28. Qc3 b6 29. Qf3 Rb8 30. Qd5 b5 31. Re6 Bxe6 32. Qc6+ Kd8 33. Qxd6+ 1-0

[Event "VII Festival B"]
[Site "Amantea ITA"]
[Date "2009.09.05"]
[Round "6"]
[White "Mancino, Roberta"]
[Black "Vacchiano, Salvatore"]
[Result "1-0"]
[WhiteElo "1721"]
[BlackElo "1539"]
[PlyCount "71"]
[EventDate "2009.08.31"]

1. c4 Nf6 2. g3 d6 3. Bg2 g6 4. Nc3 Bg7 5. e4 c6 6. Nge2 O-O 7. O-O Nbd7 8. h3
a6 9. a4 Ne5 10. d3 Qc7 11. Be3 Ne8 12. Rc1 f5 13. f4 Nd7 14. Qd2 Nc5 15. Bxc5
dxc5 16. e5 Be6 17. Qe3 Qb6 18. Rfd1 Rd8 19. Rb1 Nc7 20. b4 Rd7 21. bxc5 Qa7
22. a5 Rfd8 23. Rb4 Bf7 24. d4 Ne6 25. Na4 Qb8 26. Nb6 Rc7 27. Rbb1 Nf8 28. Nc3
e6 29. d5 exd5 30. cxd5 cxd5 31. Ncxd5 Bxd5 32. Nxd5 Rcd7 33. c6 Rc7 34. Nxc7
Rxd1+ 35. Rxd1 Qxc7 36. Qb3+ 1-0

[Event "VII Festival B"]
[Site "Amantea ITA"]
[Date "2009.09.05"]
[Round "6"]
[White "Mileo, Miguelito"]
[Black "Di Mauro, Dante"]
[Result "1/2-1/2"]
[WhiteElo "1656"]
[BlackElo "1715"]
[PlyCount "26"]
[EventDate "2009.08.31"]

1. d4 d5 2. Bf4 Nf6 3. e3 Bf5 4. c4 c6 5. Nc3 e6 6. Qb3 Qb6 7. c5 Qxb3 8. axb3
Nbd7 9. Nf3 Be7 10. h3 O-O 11. Be2 a5 12. O-O b6 13. Ne5 bxc5 1/2-1/2

[Event "VII Festival B"]
[Site "Amantea ITA"]
[Date "2009.09.05"]
[Round "6"]
[White "Montalbano, Federico"]
[Black "Denozza, Mauro"]
[Result "1/2-1/2"]
[WhiteElo "1509"]
[BlackElo "1635"]
[PlyCount "56"]
[EventDate "2009.08.31"]

1. e4 d6 2. d4 Nf6 3. Nc3 c6 4. Be3 Qb6 5. Rb1 Bg4 6. Be2 Bxe2 7. Qxe2 Nbd7 8.
e5 Nd5 9. Nxd5 cxd5 10. e6 fxe6 11. Nf3 Qa5+ 12. Bd2 Qxa2 13. O-O e5 14. dxe5
Qc4 15. Rfe1 Qxe2 16. Rxe2 dxe5 17. Nxe5 e6 18. Rbe1 Nc5 19. Bb4 Ne4 20. Bxf8
Rxf8 21. f3 Nc5 22. b4 Nd7 23. Nxd7 Kxd7 24. Rxe6 Rae8 25. Rxe8 Rxe8 26. Ra1 a6
27. Kf2 Kd6 28. f4 Re4 1/2-1/2

[Event "VII Festival B"]
[Site "Amantea ITA"]
[Date "2009.09.05"]
[Round "6"]
[White "Rigoni, Vinicio"]
[Black "Grudina, Marco"]
[Result "1-0"]
[WhiteElo "1796"]
[BlackElo "1882"]
[PlyCount "103"]
[EventDate "2009.08.31"]

1. d4 d5 2. Nf3 Nf6 3. Bf4 Bf5 4. e3 e6 5. Nbd2 Nbd7 6. Nh4 Bg6 7. Nxg6 hxg6 8.
h3 c5 9. c3 Qb6 10. Qb3 cxd4 11. exd4 Rc8 12. Bd3 a6 13. O-O Rc6 14. Qc2 Bd6
15. Bxd6 Rxd6 16. Nf3 Rc6 17. Ng5 Rh6 18. Rfe1 Nh5 19. Nf3 Nf4 20. Bf1 Rc8 21.
Rab1 Qc7 22. Qa4 Qc6 23. Qb3 Qb6 24. Ng5 Qxb3 25. axb3 Rh5 26. Nf3 Ke7 27. Ra1
f6 28. Ra4 Rc6 29. Ra2 Rb6 30. b4 Nb8 31. Kh2 Rh6 32. g3 Nh5 33. Re2 g5 34. Ne1
Nc6 35. Nd3 g6 36. Bg2 Kd6 37. Kg1 Ng7 38. Ra1 Rh8 39. b3 Kc7 40. Nc5 Nd8 41.
Rd1 Rd6 42. Ra2 Nc6 43. Bf1 Nb8 44. Kg2 Re8 45. b5 axb5 46. Bxb5 Nc6 47. b4 Kb6
48. Bxc6 Kxc6 49. Ra7 Re7 50. Re1 Rc7 51. Ra5 b6 52. b5# 1-0

[Event "VII Festival B"]
[Site "Amantea ITA"]
[Date "2009.09.05"]
[Round "6"]
[White "Rizzi, Domenico"]
[Black "Baschirotto, Marco"]
[Result "1-0"]
[WhiteElo "1605"]
[BlackElo "1869"]
[PlyCount "53"]
[EventDate "2009.08.31"]

1. e4 c5 2. Nf3 e6 3. d4 cxd4 4. Nxd4 a6 5. Nc3 Qc7 6. Be3 Nf6 7. Bd3 Bb4 8.
O-O Bxc3 9. bxc3 Qxc3 10. Ne2 Qc6 11. Ng3 d6 12. Bg5 Nbd7 13. Nh5 Nxh5 14. Qxh5
Qc5 15. Qh4 h6 16. Be3 Qa5 17. Qg3 g6 18. Qxd6 b5 19. Bd4 Rg8 20. c4 Bb7 21.
Rfb1 Rc8 22. cxb5 f5 23. bxa6 Bxe4 24. Bb5 Bxb1 25. Qxd7+ Kf8 26. Qxc8+ Kf7 27.
Qd7+ 1-0

[Event "VII Festival B"]
[Site "Amantea ITA"]
[Date "2009.09.05"]
[Round "6"]
[White "Rizzuti, Pasquale"]
[Black "Battaglia, Domenica"]
[Result "1-0"]
[WhiteElo "1826"]
[BlackElo "1512"]
[PlyCount "81"]
[EventDate "2009.08.31"]

1. e4 e6 2. d4 d5 3. e5 Nc6 4. c3 Be7 5. Qg4 g6 6. h4 f6 7. h5 g5 8. h6 fxe5 9.
Qh5+ Kd7 10. Nf3 Qe8 11. Qh3 exd4 12. Bxg5 Bxg5 13. Nxg5 Qg6 14. f4 Nge7 15.
Bd3 Qf6 16. O-O Ke8 17. Nd2 e5 18. Qh5+ Kd7 19. fxe5 Qxe5 20. Rae1 Qg3 21. Bxh7
b6 22. Ndf3 Ba6 23. Rf2 Rae8 24. cxd4 Kc8 25. Bf5+ Kb8 26. h7 Nb4 27. Qf7 Qd6
28. Re6 Qd8 29. Bb1 Bc8 30. Re1 Qd6 31. Ne5 Kb7 32. Rf6 Qd8 33. Qh5 Ref8 34.
Rxf8 Qxf8 35. Ngf7 Qe8 36. a3 Nbc6 37. Nxc6 Kxc6 38. Qh6+ Kb7 39. Nxh8 Qxh8 40.
Rxe7 Qxd4+ 41. Kh2 1-0

[Event "VII Festival B"]
[Site "Amantea ITA"]
[Date "2009.09.05"]
[Round "6"]
[White "Scerra, Ezio"]
[Black "Paragliola, Gennaro"]
[Result "1/2-1/2"]
[WhiteElo "1323"]
[BlackElo "1619"]
[PlyCount "91"]
[EventDate "2009.08.31"]

1. Nf3 Nf6 2. g3 g6 3. Bg2 Bg7 4. d4 O-O 5. c4 c6 6. Nc3 d5 7. b3 Nbd7 8. Rb1
Re8 9. O-O e5 10. Bg5 e4 11. Ne1 h6 12. Bf4 Nh5 13. e3 Ndf6 14. Be5 Bf8 15.
Bxf6 Nxf6 16. c5 Qa5 17. b4 Qc7 18. a4 b6 19. Qb3 bxc5 20. bxc5 Ba6 21. Nb5
cxb5 22. axb5 Reb8 23. b6 axb6 24. cxb6 Qb7 25. f3 Bxf1 26. Bxf1 exf3 27. Nxf3
Ne4 28. Bd3 g5 29. Bxe4 dxe4 30. Ne5 Kg7 31. Qd1 f5 32. Qh5 Kg8 33. Qg6+ Bg7
34. Qe6+ Kh8 35. Nf7+ Kh7 36. Qxf5+ Kg8 37. Nd6 Qe7 38. Qd5+ Kf8 39. Qf5+ Qf6
40. b7 Ra7 41. Qc8+ Qd8 42. Qxd8+ Rxd8 43. b8=Q Rxb8 44. Rxb8+ Ke7 45. Rb7+
Rxb7 46. Nxb7 1/2-1/2

[Event "VII Festival B"]
[Site "Amantea ITA"]
[Date "2009.09.05"]
[Round "6"]
[White "Tricomi, Massimo"]
[Black "Luvera', Filippo"]
[Result "1/2-1/2"]
[WhiteElo "1875"]
[BlackElo "1835"]
[PlyCount "142"]
[EventDate "2009.08.31"]

1. c4 c5 2. Nf3 Nf6 3. Nc3 Nc6 4. g3 g6 5. Bg2 Bg7 6. O-O O-O 7. d4 d6 8. dxc5
dxc5 9. Qxd8 Rxd8 10. Be3 Be6 11. b3 Ng4 12. Rac1 Nxe3 13. fxe3 Rd7 14. Ne4 b6
15. Nfg5 Rad8 16. Nxe6 fxe6 17. Ng5 Rd6 18. Nxe6 R8d7 19. Bd5 Nb4 20. e4 Nxa2
21. Nxg7+ Kxg7 22. Rf7+ Kh6 23. Ra1 Nc3 24. e5 e6 25. exd6 Rxf7 26. Bxe6 Nxe2+
27. Kg2 Rf8 28. Rxa7 Nd4 29. Re7 Rd8 30. d7 Nxe6 31. Rxe6 Rxd7 32. Rxb6 Rc7 33.
Rb8 g5 34. Kf3 Kg6 35. Rb6+ Kf5 36. Rb5 Kg6 37. g4 Rf7+ 38. Kg3 Rc7 39. h3 h6
40. Kf3 Rc6 41. Kg3 Kf6 42. Rb8 Ke5 43. Rd8 Ke4 44. Rd5 Rb6 45. Rxc5 Rxb3+ 46.
Kg2 Rb6 47. Rf5 Rb2+ 48. Rf2 Rb6 49. c5 Rc6 50. Rc2 Ke3 51. h4 Kd4 52. hxg5
hxg5 53. Kf3 Rf6+ 54. Kg3 Rc6 55. Kf3 Rf6+ 56. Kg3 Rc6 57. Rd2+ Kxc5 58. Rc2+
Kd5 59. Rxc6 Kxc6 60. Kf2 Kd5 61. Ke3 Ke5 62. Ke2 Kf4 63. Kf2 Kxg4 64. Kg2 Kf4
65. Kf2 Ke4 66. Kg3 Kf5 67. Kf3 g4+ 68. Kg3 Kg5 69. Kg2 Kh4 70. Kh2 g3+ 71. Kg2
Kg4 1/2-1/2

[Event "VII Festival B"]
[Site "Amantea ITA"]
[Date "2009.09.05"]
[Round "6"]
[White "Vocaturo, Riccardo"]
[Black "Lapenna, Michelangelo"]
[Result "0-1"]
[WhiteElo "1641"]
[BlackElo "1849"]
[PlyCount "20"]
[EventDate "2009.08.31"]

1. e4 c5 2. Nf3 d6 3. d4 cxd4 4. Nxd4 Nf6 5. Nc3 a6 6. Bc4 e6 7. Bxa6 bxa6 8.
O-O Bb7 9. Re1 Qc7 10. b3 Qxc3 0-1

[Event "VII Festival B"]
[Site "Amantea ITA"]
[Date "2009.09.05"]
[Round "6"]
[White "Zampaglione, Davide"]
[Black "Caporale, Giuseppe Guido"]
[Result "0-1"]
[WhiteElo "1620"]
[BlackElo "1824"]
[PlyCount "135"]
[EventDate "2009.08.31"]

1. d4 Nf6 2. Nf3 e6 3. e3 c5 4. Bd3 d5 5. c3 Nc6 6. Nbd2 Be7 7. O-O O-O 8. b3
Qc7 9. Bb2 b6 10. dxc5 bxc5 11. c4 Bb7 12. cxd5 exd5 13. Kh1 Rfd8 14. Rc1 Qd6
15. Ba3 Nb4 16. Bxb4 cxb4 17. Nd4 Rac8 18. Qe2 Rxc1 19. Rxc1 Rc8 20. Rxc8+ Bxc8
21. Nf5 Bxf5 22. Bxf5 Qe5 23. Bb1 Qb2 24. Qd1 g6 25. Qc2 Qc3 26. Qxc3 bxc3 27.
Nf3 Nd7 28. Kg1 Nc5 29. Kf1 Na6 30. Nd4 Bf6 31. Nc2 Nc5 32. Ke2 a5 33. f3 Kf8
34. b4 axb4 35. Nxb4 d4 36. exd4 Bxd4 37. Nc6 Bg7 38. Bc2 Ke8 39. a4 Kd7 40.
Na5 Kc7 41. Nc4 f5 42. g4 fxg4 43. fxg4 Ne6 44. h4 Nf4+ 45. Kf3 Nd5 46. Ne3 Nb4
47. h5 Nxc2 48. Nxc2 Kb6 49. hxg6 hxg6 50. Ke4 Ka5 51. Kd5 Bf6 52. Ke6 Bh4 53.
Kd5 Kxa4 54. Kc4 Bf6 55. Ne3 g5 56. Nc2 Ka5 57. Kb3 Kb5 58. Na3+ Kc5 59. Nb1
Kd5 60. Nxc3+ Bxc3 61. Kxc3 Ke4 62. Kd2 Kf4 63. Ke2 Kxg4 64. Kf2 Kh3 65. Kg1
Kg3 66. Kf1 Kh2 67. Kf2 g4 68. Kf1 0-1

[Event "VII Festival B"]
[Site "Amantea ITA"]
[Date "2009.09.05"]
[Round "6"]
[White "Zampaglione, Francesco"]
[Black "Sansosti, Simona"]
[Result "0-1"]
[WhiteElo "1437"]
[BlackElo "1431"]
[PlyCount "128"]
[EventDate "2009.08.31"]

1. d4 d5 2. Nf3 e6 3. e3 Nd7 4. Bd3 Bd6 5. O-O Ngf6 6. Nbd2 O-O 7. Re1 c5 8. c3
b6 9. e4 dxe4 10. Nxe4 Bc7 11. Bg5 h6 12. Bh4 Bb7 13. dxc5 Bxe4 14. Bxe4 Rb8
15. cxb6 Bxb6 16. Bxf6 Nxf6 17. Qxd8 Rfxd8 18. Bc2 Ng4 19. Nd4 Bxd4 20. cxd4
Rxb2 21. Re2 Rb4 22. Re4 Rbxd4 23. Rxd4 Rxd4 24. Rb1 g6 25. f3 Ne3 26. Bxg6
fxg6 27. Rb8+ Kf7 28. Rb7+ Kf6 29. Rxa7 Rd2 30. g4 Nd5 31. a4 Ra2 32. a5 Ne3
33. Ra8 Nd5 34. a6 Kg7 35. Ra7+ Kf6 36. Ra8 Ke5 37. Ra7 Nf4 38. Ra8 h5 39. gxh5
gxh5 40. a7 Nh3+ 41. Kf1 Nf4 42. Kg1 h4 43. Kf1 h3 44. Kg1 Nd3 45. Kf1 Nf4 46.
Kg1 Nd5 47. Kf1 Kd4 48. Ke1 e5 49. Kd1 Ke3 50. Kc1 Nc7 51. Rh8 Rxh2 52. Rh7 Na8
53. Rh8 Nb6 54. a8=Q Nxa8 55. Rxa8 Kxf3 56. Rf8+ Ke2 57. Rh8 e4 58. Rh7 Kf3 59.
Rf7+ Ke3 60. Rh7 Ke2 61. Kc2 e3 62. Rh6 Kf1+ 63. Kd3 e2 64. Rf6+ Rf2 0-1

[Event "VII Festival B"]
[Site "Amantea ITA"]
[Date "2009.09.06"]
[Round "7"]
[White "Baschirotto, Marco"]
[Black "Lodi, Paolo"]
[Result "1-0"]
[WhiteElo "1869"]
[BlackElo "1706"]
[PlyCount "75"]
[EventDate "2009.08.31"]

1. Nf3 f5 2. d4 e6 3. d5 d6 4. dxe6 Bxe6 5. Nd4 Bd7 6. Nc3 Nc6 7. a3 Be7 8. Nd5
Nxd4 9. Qxd4 Bf6 10. Qe3+ Be7 11. Bd2 c6 12. Nxe7 Qxe7 13. Qb3 Be6 14. Qe3 Nf6
15. f3 Nh5 16. Qf2 O-O 17. O-O-O b6 18. e3 a5 19. Be2 a4 20. Rhe1 Qf7 21. Bc3
d5 22. Qh4 Nf6 23. Bd3 c5 24. g4 c4 25. Bxf5 Bxf5 26. gxf5 Rae8 27. e4 Rd8 28.
e5 Nh5 29. e6 Qxf5 30. e7 Rde8 31. exf8=Q+ Rxf8 32. Re5 Qf4+ 33. Qxf4 Nxf4 34.
Rg1 h6 35. Re7 g5 36. Rg7+ Kh8 37. R7xg5+ Kh7 38. Rg7+ 1-0

[Event "VII Festival B"]
[Site "Amantea ITA"]
[Date "2009.09.06"]
[Round "7"]
[White "Battaglia, Domenica"]
[Black "Scerra, Ezio"]
[Result "1-0"]
[WhiteElo "1512"]
[BlackElo "1323"]
[PlyCount "51"]
[EventDate "2009.08.31"]

1. e4 e5 2. Nf3 Nc6 3. Nc3 Bc5 4. d3 d6 5. Be2 Nd4 6. Nxd4 Bxd4 7. O-O Bd7 8.
Be3 c5 9. a3 Nf6 10. Rb1 a5 11. Bg5 h6 12. Bxf6 Qxf6 13. Nd5 Qg5 14. Nc7+ Ke7
15. Nxa8 h5 16. Nb6 Bh3 17. Bf3 h4 18. c3 Bxg2 19. Bxg2 h3 20. Qf3 hxg2 21.
Qxg2 Qh4 22. cxd4 cxd4 23. Rbc1 g5 24. Rc7+ Ke6 25. f3 f5 26. exf5+ 1-0

[Event "VII Festival B"]
[Site "Amantea ITA"]
[Date "2009.09.06"]
[Round "7"]
[White "Ceravolo, Alberto"]
[Black "Mileo, Miguelito"]
[Result "1/2-1/2"]
[WhiteElo "1628"]
[BlackElo "1656"]
[PlyCount "91"]
[EventDate "2009.08.31"]

1. e4 c6 2. d4 d5 3. exd5 cxd5 4. Nf3 Nc6 5. Nc3 Nf6 6. Bg5 e6 7. a3 Be7 8. Bd3
a6 9. O-O O-O 10. Ne2 h6 11. Bh4 b5 12. c3 Bb7 13. Nd2 Qc7 14. f3 Na5 15. Bg3
Qb6 16. Kh1 Rac8 17. Re1 Nc4 18. Qc1 Nh5 19. Bf2 Qc7 20. Nxc4 dxc4 21. Be4 Bxe4
22. fxe4 Bg5 23. Be3 Bh4 24. Rf1 Qc6 25. Qc2 Nf6 26. e5 Nd5 27. Bd2 a5 28. Rf3
f5 29. Qc1 Kf7 30. Ng3 Rh8 31. Ne4 Rcf8 32. Nd6+ Kg8 33. Rh3 Be7 34. Bf4 g5 35.
Rg3 Bxd6 36. exd6 Kf7 37. Be5 Rh7 38. Qd1 Rg8 39. Qh5+ Kf8 40. Rf1 Qe8 41. Qg4
h5 42. Qe2 Qg6 43. h4 g4 44. Bf4 Ke8 45. Bg5 Kd7 46. Qe5 1/2-1/2

[Event "VII Festival B"]
[Site "Amantea ITA"]
[Date "2009.09.06"]
[Round "7"]
[White "Daniac, Federico"]
[Black "Caporale, Giuseppe Guido"]
[Result "0-1"]
[WhiteElo "1596"]
[BlackElo "1824"]
[PlyCount "116"]
[EventDate "2009.08.31"]

1. e4 c5 2. Nf3 d6 3. Bb5+ Bd7 4. Bxd7+ Qxd7 5. d4 cxd4 6. Nxd4 Nc6 7. O-O g6
8. Nc3 Bg7 9. Nf3 Rc8 10. a3 Nh6 11. Be3 O-O 12. Qd2 Ng4 13. h3 Nxe3 14. Qxe3
Qc7 15. Rab1 b6 16. Rfc1 Qb7 17. b4 Nxb4 18. axb4 Rxc3 19. Qe2 Rfc8 20. Ne1 b5
21. f3 R8c4 22. Nd3 Bh6 23. Rd1 Rxc2 24. Qe1 Qb6+ 25. Kh1 Bg7 26. Nf4 e6 27.
Qg1 Qxg1+ 28. Kxg1 Rd4 29. Kf1 Rxd1+ 30. Rxd1 g5 31. Nd3 Kf8 32. Ne1 Rc6 33.
Ke2 Ke7 34. Nd3 Rc2+ 35. Rd2 Rxd2+ 36. Kxd2 Kd7 37. g4 Kc6 38. Kc2 d5 39. e5 f6
40. exf6 Bxf6 41. Nf2 Kd6 42. Kd3 Bd8 43. Kc3 Bb6 44. Nd3 e5 45. Kd2 e4 46.
fxe4 dxe4 47. Ne1 Ke5 48. Ng2 Kd5 49. Ne1 a5 50. Nc2 Kc4 51. bxa5 Bxa5+ 52. Ke3
Kc3 53. Na3 b4 54. Nb1+ Kc2 55. Nd2 Bb6+ 56. Ke2 b3 57. Nc4 Bc5 58. Nd2 b2 0-1

[Event "VII Festival B"]
[Site "Amantea ITA"]
[Date "2009.09.06"]
[Round "7"]
[White "De Rasis, Giovanni"]
[Black "Sigmund, Ingenuin"]
[Result "1/2-1/2"]
[WhiteElo "1873"]
[BlackElo "1825"]
[PlyCount "88"]
[EventDate "2009.08.31"]

1. d4 Nf6 2. c4 e6 3. Bg5 Bb4+ 4. Nc3 b6 5. e4 h6 6. Bxf6 Qxf6 7. e5 Qe7 8. Qg4
O-O 9. Qe4 Nc6 10. Bd3 g6 11. Nf3 Bxc3+ 12. bxc3 Kg7 13. d5 Na5 14. h4 Bb7 15.
h5 f5 16. exf6+ Qxf6 17. Rd1 exd5 18. Qxg6+ Qxg6 19. Bxg6 Nxc4 20. O-O Nd6 21.
Rfe1 Rad8 22. Re7+ Kf6 23. Rde1 Ne4 24. Rh7 Rh8 25. Rf7+ Ke6 26. Nd2 Kd6 27.
Nxe4+ dxe4 28. Bxe4 c6 29. Bf5 Rhf8 30. Rd1+ Kc5 31. Rxf8 Rxf8 32. Bxd7 Rd8 33.
Rd4 b5 34. f4 a5 35. Rd1 Bc8 36. Bg4 Rxd1+ 37. Bxd1 Kc4 38. Bf3 Bd7 39. g4 Kxc3
40. g5 Kd3 41. gxh6 Bf5 42. Bxc6 Ke3 43. Bxb5 Kxf4 44. Be8 Kg5 1/2-1/2

[Event "VII Festival B"]
[Site "Amantea ITA"]
[Date "2009.09.05"]
[Round "7"]
[White "Di Mauro, Dante"]
[Black "Montalbano, Federico"]
[Result "0-1"]
[WhiteElo "1715"]
[BlackElo "1509"]
[PlyCount "66"]
[EventDate "2009.08.31"]

1. d4 Nf6 2. c4 e6 3. Nc3 Bb4 4. Bg5 h6 5. Bxf6 Qxf6 6. e3 c5 7. Nf3 Nc6 8. Be2
O-O 9. O-O Bxc3 10. bxc3 e5 11. d5 Ne7 12. e4 d6 13. Nd2 Ng6 14. Bg4 Bxg4 15.
Qxg4 Qf4 16. Qe2 f5 17. g3 Qg5 18. exf5 Qxf5 19. Ne4 Rae8 20. a4 Rf7 21. Rab1
Nf8 22. Rb2 Nh7 23. Rfb1 b6 24. a5 bxa5 25. Rb8 Rff8 26. R8b7 Nf6 27. Nxf6+
Rxf6 28. Ra1 Rf7 29. Rb5 Ref8 30. Rf1 Qf3 31. Qc2 h5 32. Rxa5 h4 33. gxh4 Rf4
0-1

[Event "VII Festival B"]
[Site "Amantea ITA"]
[Date "2009.09.06"]
[Round "7"]
[White "Fariselli, Umberto"]
[Black "Pugliese, Stefano"]
[Result "1-0"]
[WhiteElo "1509"]
[BlackElo "1580"]
[PlyCount "58"]
[EventDate "2009.08.31"]

1. e4 c5 2. c3 Nc6 3. Nf3 b6 4. Bc4 Nf6 5. d3 g6 6. h3 Bg7 7. Be3 Bb7 8. Nbd2
Na5 9. O-O d5 10. Bb5+ Nc6 11. e5 Nh5 12. g4 d4 13. cxd4 cxd4 14. Bxd4 a6 15.
Bxc6+ Bxc6 16. gxh5 Rc8 17. Rc1 e6 18. Nc4 Ra8 19. Nd6+ Kd7 20. Nxf7 Qf8 21.
hxg6 hxg6 22. N3g5 Bh6 23. Rxc6 Kxc6 24. Qf3+ Kd7 25. Qb7+ Ke8 26. Qxa8+ Kd7
27. Qb7+ Ke8 28. Qc8+ Ke7 29. Qxf8+ Rxf8 1-0

[Event "VII Festival B"]
[Site "Amantea ITA"]
[Date "2009.09.06"]
[Round "7"]
[White "Grudina, Marco"]
[Black "Ielapi, Vito"]
[Result "1-0"]
[WhiteElo "1882"]
[BlackElo "1887"]
[PlyCount "79"]
[EventDate "2009.08.31"]

1. e4 c6 2. d4 g6 3. Nf3 d6 4. Nc3 Bg4 5. Be3 d5 6. exd5 cxd5 7. Bb5+ Bd7 8.
Qe2 a6 9. Bxd7+ Qxd7 10. Ne5 Qe6 11. Qf3 Nf6 12. Nd3 Nbd7 13. Nf4 Qb6 14. Nfxd5
Nxd5 15. Nxd5 Qc6 16. O-O Bg7 17. Qe4 e6 18. Nc3 Qc7 19. Bf4 Qb6 20. Nd5 Qxd4
21. Qxd4 Bxd4 22. Nc7+ Ke7 23. Nxa8 Rxa8 24. c3 Bg7 25. Rad1 e5 26. Rfe1 Ke6
27. Bc1 Re8 28. f4 f6 29. fxe5 fxe5 30. Re2 h6 31. Rde1 g5 32. Re4 Nc5 33. Rc4
Kd5 34. Rg4 Bf6 35. Rf1 Ke6 36. Rc4 Kd5 37. Rxc5+ Kxc5 38. Rxf6 e4 39. Kf2 Kc4
40. Ke3 1-0

[Event "VII Festival B"]
[Site "Amantea ITA"]
[Date "2009.09.06"]
[Round "7"]
[White "Lapenna, Michelangelo"]
[Black "Cerasoli, Mauro"]
[Result "1/2-1/2"]
[WhiteElo "1849"]
[BlackElo "1711"]
[PlyCount "69"]
[EventDate "2009.08.31"]

1. d4 d5 2. Nf3 Nf6 3. g3 e6 4. Bg2 Be7 5. O-O O-O 6. c3 b6 7. Nbd2 Bb7 8. Qc2
Nbd7 9. e4 Nxe4 10. Nxe4 dxe4 11. Nd2 f5 12. Qb3 Bd5 13. c4 Bb7 14. Rd1 Nf6 15.
Nf1 Qe8 16. Bf4 Bd6 17. Bxd6 cxd6 18. c5 Bd5 19. Qa3 dxc5 20. dxc5 bxc5 21.
Qxc5 Qc8 22. Qd4 Rf7 23. Ne3 Rc7 24. h3 Qb7 25. b3 Rac8 26. Qe5 Rc5 27. Nxd5
exd5 28. Qxf5 Qe7 29. g4 g6 30. Qf4 Rf8 31. Qd2 Rd8 32. Rac1 Rxc1 33. Qxc1 Qe5
34. Qc5 a6 35. Bf1 1/2-1/2

[Event "VII Festival B"]
[Site "Amantea ITA"]
[Date "2009.09.06"]
[Round "7"]
[White "Luvera', Filippo"]
[Black "Rigoni, Vinicio"]
[Result "1/2-1/2"]
[WhiteElo "1835"]
[BlackElo "1796"]
[PlyCount "72"]
[EventDate "2009.08.31"]

1. e4 c6 2. d4 d5 3. Nc3 dxe4 4. Nxe4 Bf5 5. Ng3 Bg6 6. h4 h6 7. Nf3 e6 8. Bd3
Bxd3 9. Qxd3 Nd7 10. Bd2 Qc7 11. Ne4 O-O-O 12. O-O-O Ngf6 13. Nxf6 Nxf6 14. g3
Bd6 15. Kb1 Ng4 16. Qe2 Kb8 17. c4 c5 18. Bc3 Nf6 19. dxc5 Qxc5 20. Ne5 Bxe5
21. Bxe5+ Kc8 22. Rhe1 Rxd1+ 23. Rxd1 Rd8 24. Rxd8+ Kxd8 25. Bxf6+ gxf6 26.
Qd3+ Ke7 27. f4 h5 28. a3 a5 29. Kc2 b5 30. Kc3 b4+ 31. axb4 Qxb4+ 32. Kc2 Qc5
33. b3 Qa3 34. Qc3 Qc5 35. Kb2 e5 36. fxe5 fxe5 1/2-1/2

[Event "VII Festival B"]
[Site "Amantea ITA"]
[Date "2009.09.06"]
[Round "7"]
[White "Paragliola, Gennaro"]
[Black "Mancino, Roberta"]
[Result "0-1"]
[WhiteElo "1619"]
[BlackElo "1721"]
[PlyCount "134"]
[EventDate "2009.08.31"]

1. d4 d5 2. c4 c6 3. Nc3 Nf6 4. Nf3 a6 5. Bg5 dxc4 6. Bxf6 exf6 7. e4 Be6 8.
Qa4 b5 9. Qc2 Bb4 10. Be2 Nd7 11. O-O Nb6 12. Rfd1 O-O 13. a3 Be7 14. Rd2 Qd7
15. Rad1 Rfd8 16. h3 Qc8 17. Nh2 f5 18. Bf3 Bg5 19. Re2 Ra7 20. d5 cxd5 21.
exd5 Bd7 22. Nf1 f4 23. Ne4 Bf5 24. d6 h6 25. Qd2 Rad7 26. Qd4 Qb8 27. Qe5 Bxe4
28. Rxe4 Rxd6 29. Rxd6 Qxd6 30. Qxd6 Rxd6 31. Re8+ Kh7 32. Rf8 Rd7 33. Rb8 Nd5
34. Ra8 Bf6 35. Rxa6 Bxb2 36. Ra5 Nc3 37. Nh2 f5 38. g4 fxg3 39. fxg3 Re7 40.
Kf2 Ne4+ 41. Bxe4 fxe4 42. Ng4 c3 43. Ne3 Rb7 44. Ke2 b4 45. axb4 Rxb4 46. Nc2
Rc4 47. Ra6 Bc1 48. Ra1 Bd2 49. Ra6 h5 50. Re6 Ra4 51. Kd1 Bg5 52. Rc6 Bf6 53.
Re6 Kg6 54. Rc6 Kf5 55. Rc5+ Kg6 56. Rc6 Kf7 57. Ke2 Ra2 58. Kd1 Be5 59. Rc4 e3
60. Nxe3 Rd2+ 61. Kc1 Rd3 62. Nf1 Bxg3 63. Kc2 Rf3 64. Nxg3 Rxg3 65. Rxc3 Rxc3+
66. Kxc3 Kf6 67. Kd4 Kg5 0-1

[Event "VII Festival B"]
[Site "Amantea ITA"]
[Date "2009.09.06"]
[Round "7"]
[White "Rametta, Marcello"]
[Black "Rizzi, Domenico"]
[Result "1/2-1/2"]
[WhiteElo "1846"]
[BlackElo "1605"]
[PlyCount "46"]
[EventDate "2009.08.31"]

1. e4 c5 2. c3 Nc6 3. Bd3 d6 4. Bc2 Nf6 5. h3 e5 6. Nf3 Be7 7. O-O O-O 8. Re1
Bd7 9. d4 cxd4 10. cxd4 exd4 11. Nxd4 Qb6 12. Nxc6 Bxc6 13. Nc3 Rac8 14. Rb1 a6
15. Be3 Qc7 16. Rc1 Qd7 17. Nd5 Bxd5 18. exd5 Qb5 19. Bd4 Nxd5 20. Qh5 g6 21.
Qf3 Qb4 22. Qxd5 Rxc2 23. Bc3 Rxc1 1/2-1/2

[Event "VII Festival B"]
[Site "Amantea ITA"]
[Date "2009.09.06"]
[Round "7"]
[White "Russi, Roberto"]
[Black "Carbone, Stefano"]
[Result "1/2-1/2"]
[WhiteElo "1898"]
[BlackElo "1695"]
[PlyCount "38"]
[EventDate "2009.08.31"]

1. c4 c5 2. Nf3 Nf6 3. g3 g6 4. Bg2 Bg7 5. O-O Nc6 6. d4 cxd4 7. Nxd4 O-O 8.
Nc3 Nxd4 9. Qxd4 d6 10. Bg5 h6 11. Bd2 Ng4 12. Qd5 Rb8 13. b3 Be6 14. Qd3 Ne5
15. Qc2 a6 16. Rac1 b5 17. cxb5 axb5 18. Nd5 Bxd5 19. Bxd5 e6 1/2-1/2

[Event "VII Festival B"]
[Site "Amantea ITA"]
[Date "2009.09.06"]
[Round "7"]
[White "Russo, Carmelo"]
[Black "Zampaglione, Davide"]
[Result "0-1"]
[WhiteElo "1705"]
[BlackElo "1620"]
[PlyCount "92"]
[EventDate "2009.08.31"]

1. d4 d5 2. c4 e6 3. Nc3 Nf6 4. Bg5 c6 5. e3 Be7 6. cxd5 exd5 7. a3 O-O 8. g3
Bf5 9. Bg2 Nbd7 10. b4 b5 11. Nf3 Ne4 12. Bxe7 Qxe7 13. Ne2 Nb6 14. Ne5 Qd6 15.
Rc1 Rfc8 16. O-O f6 17. Nf3 Nc4 18. Ra1 a5 19. bxa5 Rxa5 20. Nh4 Bd7 21. f3 Ng5
22. Qd3 Rca8 23. Nc3 Rxa3 24. Rxa3 Rxa3 25. e4 b4 26. exd5 Rxc3 27. Qe2 cxd5
28. Qa2 Ra3 29. Qc2 Ne3 30. Qb1 Nxf1 31. Bxf1 Nxf3+ 32. Nxf3 Rxf3 33. Bd3 g6
34. Kg2 Re3 35. Bxg6 Re7 36. Bd3 Qb6 37. Qa1 Qb7 38. Qa5 Re8 39. Qc5 b3 40. Qc1
Re7 41. Qh6 Rf7 42. Qf4 b2 43. Bb1 Kg7 44. h4 Re7 45. Qd2 Qb5 46. Kg1 Qe2 0-1

[Event "VII Festival B"]
[Site "Amantea ITA"]
[Date "2009.09.06"]
[Round "7"]
[White "Sansosti, Simona"]
[Black "Carlomagno, Vincenzo"]
[Result "0-1"]
[WhiteElo "1431"]
[BlackElo "1488"]
[PlyCount "102"]
[EventDate "2009.08.31"]

1. d4 Nf6 2. Nf3 e6 3. Nbd2 d5 4. e3 b6 5. Bd3 Bb7 6. Qe2 c5 7. c3 Nbd7 8. O-O
Bd6 9. e4 dxe4 10. Nxe4 Nxe4 11. Bxe4 Bxe4 12. Qxe4 O-O 13. Ng5 Nf6 14. Qd3 Qd7
15. Nf3 h6 16. h3 Rfd8 17. Be3 Rac8 18. Rfe1 Nd5 19. Kf1 Qe7 20. Qe2 Nf4 21.
Bxf4 Bxf4 22. dxc5 Qxc5 23. Rad1 b5 24. Rxd8+ Rxd8 25. Rd1 Rxd1+ 26. Qxd1 Qc4+
27. Qe2 Qxa2 28. Qxb5 Qb1+ 29. Ke2 Qc2+ 30. Kf1 Qd1+ 31. Ne1 Bd2 32. Qe2 Qc1
33. c4 Bxe1 34. Qxe1 Qxc4+ 35. Kg1 Qb3 36. Qe5 Qb6 37. Kf1 a6 38. Ke1 Qb4+ 39.
Qc3 Qxc3+ 40. bxc3 Kf8 41. Kd1 Ke7 42. Kc2 Kd6 43. Kb3 Kc5 44. Kc2 Kc4 45. f3
e5 46. g3 f5 47. g4 fxg4 48. hxg4 g5 49. Kb2 a5 50. Kc2 a4 51. Kb2 a3+ 0-1